Systems approach to water management (Record no. 9165)

000 -LEADER
fixed length control field 00501nam a2200193 i 4500
001 - CONTROL NUMBER
control field 9165
003 - CONTROL NUMBER IDENTIFIER
control field BD-DhUET
008 - FIXED-LENGTH DATA ELEMENTS--GENERAL INFORMATION
fixed length control field 760716s1976 nyua b 001 0 eng
020 ## - INTERNATIONAL STANDARD BOOK NUMBER
International Standard Book Number 0070054800
040 ## - CATALOGING SOURCE
Original cataloging agency DLC
Transcribing agency DLC
Modifying agency BD-DhUET
082 00 - DEWEY DECIMAL CLASSIFICATION NUMBER
Classification number 333.91
Item number BIS/1976
100 ## - MAIN ENTRY--PERSONAL NAME
Personal name Biswas, Asit K.
245 00 - TITLE STATEMENT
Title Systems approach to water management
250 ## - EDITION STATEMENT
Edition statement 1st. ed.
260 ## - PUBLICATION, DISTRIBUTION, ETC. (IMPRINT)
Place of publication, distribution, etc. New York
Name of publisher, distributor, etc. McGraw-Hill
Date of publication, distribution, etc. 1976
300 ## - PHYSICAL DESCRIPTION
Extent xvii, 429 p.
Other physical details ill.
Dimensions 25 cm.
504 ## - BIBLIOGRAPHY, ETC. NOTE
Bibliography, etc Includes bibliographies
942 ## - ADDED ENTRY ELEMENTS (KOHA)
Koha item type Edited Book
Holdings
Sublocation or collection (holding branch) Withdrawn status Not for loan Source of classification or shelving scheme Piece designation (barcode) Location (home branch) Price effective from Damaged status Date acquired Koha full call number Lost status Shelving location Koha normalized classification for sorting Koha item type Copy number Koha date last seen
Central Library, BUET   53091Central Library, BUET2015-01-28 2015-01-28333.91/BIS/1976 Circulation section333_910000000000000_BIS_1976Edited Book12015-01-28
Central Library, BUET   50560Central Library, BUET2015-01-28 2015-01-28333.91/BIS/1976 Circulation section333_910000000000000_BIS_1976Edited Book22015-01-28
Central Library, BUET   50557Central Library, BUET2015-02-07 2015-02-07333.91/BIS/1976 Circulation section333_910000000000000_BIS_1976Edited Book32015-02-07
Central Library, BUET   50558Central Library, BUET2015-02-07 2015-02-07333.91/BIS/1976 Circulation section333_910000000000000_BIS_1976Edited Book42015-02-07